000 02716cam a2200457 i 4500
001 23031685
003 NUST
005 20240217182319.0
008 230323s2019 enk 000 0 eng d
010 _a 2022465565
015 _aGBB9D5843
_2bnb
016 7 _a019496654
_2Uk
020 _a9781409175070
035 _a(OCoLC)on1112385816
038 _aazhar
040 _aUKMGB
_beng
_cUKMGB
_erda
_dOCLCO
_dOCLCF
_dNZAUC
_dOCLCO
_dOCL
_dOCLCO
_dDLC
042 _alccopycat
050 0 0 _aTX837
_b.C669 2019
082 0 4 _a641.56362
_223
_bCOT
100 1 _aCotton, Fearne,
_d1981-
_eauthor.
_9120678
245 1 0 _aHappy: finding joy in everyday and letting go of perfect /
_cFearne Cotton.
260 _aLondon:
_bOrion Spring;
_c2017.
300 _a272p.
_c19.5 cm
336 _atext
_2rdacontent
337 _aunmediated
_2rdamedia
338 _avolume
_2rdacarrier
505 0 _aStarting the day right -- Snacks -- Lunch on the go -- Long and lazy -- Dishy dinners -- Sharing feasts -- Party time -- The sweetest thing.
520 _aAt last! Easy plant-based recipes to make the whole family happy. 'Whether you're a fully-fledged and dedicated vegan, someone that eats vegan when cooking at home but veers off when out and about, or completely new to vegan food, I hope you enjoy the process of recreating these recipes and ultimately of eating the finished results' Fearne x. So, what's a Happy Vegan? One that's well fed, well-nourished and satisfied by the delicious and innovative plant-based recipes they're cooking ... With simple recipe hacks and flexible options, delicious classics and fresh ideas, Happy Vegan will inspire you to eat plant-based food full time, part time or any time. It's packed with comforting, easy-to-make dishes that will become your everyday favourites and go-to fridge raiders. Recipes include ideas to start the day right, for lunch on the go, some long and lazy slow cooking, dishy dinners, sharing feasts, party time and irresistible sweetest things. From burgers to brownies, casseroles to cakes, Happy Vegan shows you that vegan food is for everyone ... and you won't even notice there's no meat or dairy. Just happy faces.
563 _aPB
650 0 _aVegan cooking.
_9120679
650 6 _aCuisine végétalienne.
_9120680
650 7 _aVegan cooking.
_2fast
_0(OCoLC)fst01754700
_9120679
655 2 _aCookbook
_9120681
655 7 _acookbooks.
_2aat
_97921
655 7 _aCookbooks.
_2fast
_0(OCoLC)fst01752725
_97921
655 7 _aCookbooks.
_2lcgft
_97921
655 7 _aLivres de cuisine.
_2rvmgf
_9120682
906 _a7
_bcbc
_ccopycat
_d2
_encip
_f20
_gy-gencatlg
942 _2ddc
_cBK
999 _c607838
_d607838